Pachomius : the making of a community in fourth-century Egypt /

محفوظ في:

المؤلف الرئيسي: Rousseau, Philip (مؤلف)

التنسيق: كتاب

اللغة: English

منشور في: Berkeley : University of California Press, 1999, c1985.

الطبعة: 1st pbk. print.

سلاسل: Transformation of the classical heritage ; 6.

الموضوعات:

الوسوم: إضافة وسم

لا توجد وسوم, كن أول من يضع وسما على هذه التسجيلة!

رقم الطلب: BR1720 .P23 R68 1999

LEADER 01245nam a2200313I 4500
001 3159
003 OSt
005 20240804073101.0
008 880718t19991985cauab b 001 0 eng
952 |0 0  |1 0  |2 lcc  |4 0  |6 BR1720 P23 R68 01999  |7 1  |9 4690  |a ARCE  |b ARCE  |d 2020-08-10  |l 0  |o BR1720 .P23 R68 1999  |p 1010097  |r 2020-08-10 00:00:00  |w 2020-08-10  |y BK 
999 |c 8265  |d 8265 
015 |a GB99-54819 
020 |a 0520219597 
040 |c ARCE Library 
050 4 |a BR1720 .P23 R68 1999 
100 1 |a Rousseau, Philip,  |e author  |9 38730 
245 1 0 |a Pachomius :  |b the making of a community in fourth-century Egypt /  |c Philip Rousseau. 
250 |a 1st pbk. print. 
264 1 |a Berkeley :  |b University of California Press,  |c 1999, c1985. 
300 |a xxxiii, 217 pages :  |b illustrations, maps ;  |c 25 cm. 
490 1 |a The transformation of the classical heritage ;  |v 6. 
504 |a Includes bibliographical references (pages [193]-212) and index. 
600 0 0 |a Pachomius,  |c Saint. 
650 0 |a Asceticism  |x History  |y Early church, ca. 30-600. 
650 0 |a Monasticism and religious orders  |x History  |y Early church, ca. 30-600. 
651 0 |a Egypt  |x Church history. 
830 0 |a Transformation of the classical heritage ;  |v 6. 
901 |a reviewed 
942 |c BK  |2 lcc